Daňové zaťaženie vo vybraných krajinách

Porovnanie vybraných daňových faktorov v Slovenskej republike, Českej republike a v Španielskom kráľovstve. Každá zo skúmaných krajín má iné podmienky a vzhľadom na daňový systém aj odlišnosti, ktoré vychádzajú z týchto disparít. Výber krajín pre porovnanie daňového zaťaženia je podriadený sociálnej...

Descrizione completa

Salvato in:
Dettagli Bibliografici
Autore principale: Kovárová Martišková, Alžbeta
Natura: Capitolo di libro
Lingua:slovacco
Soggetti:
Tags: Aggiungi Tag
Nessun Tag, puoi essere il primo ad aggiungerne!!

MARC

LEADER 00000nla a2200000 4500
001 0194588
005 20240502073246.9
041 0 |a slo 
044 |a SK 
245 1 0 |a Daňové zaťaženie vo vybraných krajinách  |c Alžbeta Martišková 
520 |a Porovnanie vybraných daňových faktorov v Slovenskej republike, Českej republike a v Španielskom kráľovstve. Každá zo skúmaných krajín má iné podmienky a vzhľadom na daňový systém aj odlišnosti, ktoré vychádzajú z týchto disparít. Výber krajín pre porovnanie daňového zaťaženia je podriadený sociálnej a ekonomickej situácii. 
610 2 0 |a dane 
610 2 0 |a politika daňová 
610 2 0 |a systémy daňové 
610 2 0 |a zaťaženie daňové 
610 2 0 |a sadzby daňové 
610 2 0 |a povinnosť daňová 
610 2 0 |a daňovníci 
100 1 |a Kovárová Martišková, Alžbeta